Free fall / (Record no. 33236)
[ view plain ]
| 000 -LEADER | |
|---|---|
| fixed length control field | 01104cam a2200361 a 4500 |
| 003 - CONTROL NUMBER IDENTIFIER | |
| control field | XX-XxUND |
| 005 - DATE AND TIME OF LATEST TRANSACTION | |
| control field | 20241220114222.0 |
| 008 - FIXED-LENGTH DATA ELEMENTS--GENERAL INFORMATION | |
| fixed length control field | 890331s1988 nyua j 000 1 eng |
| 001 - CONTROL NUMBER | |
| control field | 87022834 /AC |
| 010 ## - LIBRARY OF CONGRESS CONTROL NUMBER | |
| LC control number | 87022834 /AC |
| 020 ## - INTERNATIONAL STANDARD BOOK NUMBER | |
| International Standard Book Number | 0688055842 : |
| Terms of availability | $17.89 |
| 020 ## - INTERNATIONAL STANDARD BOOK NUMBER | |
| International Standard Book Number | 0688055834 : |
| Terms of availability | $16.00 |
| 035 ## - SYSTEM CONTROL NUMBER | |
| System control number | (Sirsi) i9780688055844 |
| 035 ## - SYSTEM CONTROL NUMBER | |
| System control number | 50319840 |
| 040 ## - CATALOGING SOURCE | |
| Transcribing agency | XX-XxUND |
| 050 04 - LIBRARY OF CONGRESS CALL NUMBER | |
| Classification number | PZ7.W6367 |
| Item number | Fr 1988 |
| 082 0# - DEWEY DECIMAL CLASSIFICATION NUMBER | |
| Classification number | [E] |
| Edition number | 19 |
| 099 ## - LOCAL FREE-TEXT CALL NUMBER (OCLC) | |
| Classification number | J fic JE WI |
| 092 ## - LOCALLY ASSIGNED DEWEY CALL NUMBER (OCLC) | |
| Classification number | WIE |
| 100 1# - MAIN ENTRY--PERSONAL NAME | |
| Personal name | Wiesner, David. |
| 9 (RLIN) | 9922 |
| 240 10 - UNIFORM TITLE | |
| Uniform title | <a href="1st ed">1st ed</a> |
| 245 10 - TITLE STATEMENT | |
| Title | Free fall / |
| Statement of responsibility, etc | David Wiesner. |
| 260 ## - PUBLICATION, DISTRIBUTION, ETC. (IMPRINT) | |
| Place of publication, distribution, etc | New York : |
| Name of publisher, distributor, etc | Lothrop, Lee & Shepard Books, |
| Date of publication, distribution, etc | c1988. |
| 300 ## - PHYSICAL DESCRIPTION | |
| Extent | [32] p. : |
| Other physical details | chiefly col. ill. ; |
| Dimensions | 24 x 29 cm. |
| 520 ## - SUMMARY, ETC. | |
| Summary, etc | A young boy dreams of daring adventures in the company of imaginary creatures inspired by the things surrounding his bed. |
| 586 ## - AWARDS NOTE | |
| Awards note | Caldecott honor book, 1989 |
| 630 00 - SUBJECT ADDED ENTRY--UNIFORM TITLE | |
| Uniform title | Caldecott honor book. |
| 9 (RLIN) | 32824 |
| 650 #0 - SUBJECT ADDED ENTRY--TOPICAL TERM | |
| Topical term or geographic name as entry element | Dreams |
| Form subdivision | Fiction. |
| 9 (RLIN) | 5681922 |
| 650 #0 - SUBJECT ADDED ENTRY--TOPICAL TERM | |
| Topical term or geographic name as entry element | Stories without words. |
| 9 (RLIN) | 92184 |
| 942 ## - ADDED ENTRY ELEMENTS (KOHA) | |
| Koha item type | BOOK |
| 979 ## - | |
| -- | 440598 |
| 998 ## - LOCAL CONTROL INFORMATION (RLIN) | |
| -- | a71761 |
| Withdrawn status | Lost status | Source of classification or shelving scheme | Damaged status | Not for loan | Collection code | Home library | Current library | Shelving location | Date acquired | Source of acquisition | Cost, normal purchase price | Total Checkouts | Total Renewals | Full call number | Barcode | Date last seen | Date checked out | Cost, replacement price | Price effective from | Koha item type |
|---|---|---|---|---|---|---|---|---|---|---|---|---|---|---|---|---|---|---|---|---|
| Dewey Decimal Classification | Children Caldecott Award | Wasatch County Library | Wasatch County Library | Main Floor Childrens Area | 02/12/2014 | Amazon | 17.99 | 29 | 8 | E Wie | 34301001175670 | 10/15/2025 | 07/26/2025 | 17.99 | 03/20/2020 | BOOK |
